00424nam a22001577a 450000500170000001000140001702000230003103500130005403700130006708200120008010000140009224500600010626000560016627000160022230000280023820100810120120.0 aENG-99333 a8170584965c250.00 aEN-82865 bDBAD/PUB a181.499 aAurobindo aThe complete works of Sri Aurobindo /cby Sri Aurobindo aPondicherrybSri Aurobindo Ashram Publicationc2006 bPondicherry aV.36 (612p.)c24cm (Hb)